000 00990nam a2200289 a 4500
001 9993
003 BD-RjUL
005 20211208234857.0
008 161206s1942 nyua b 001 0 eng c
035 _aOCLC ocm03355835 from D970827M
_a(BD-RjUL)10040
040 _aDLC/ICU
_cCGU
_dHDC
_dWPG
_dIAV
_dEQO
_dBD-RjUL
_beng
041 _aeng
082 0 0 _a543
_bGIO 1942
_223
096 _aQD 75 G437o 1942
100 1 _aGibb, Thomas R. P.
_q(Thomas Robinson Pirie)
_930866
245 1 0 _aOptical methods of chemical analysis /
_cby Thomas R.P. Gibb, jr. ...
250 _a1st ed.
260 _aNew York ;
_aLondon :
_bMcGraw-Hill book company,
_c1942.
300 _axiv, 391 p. :
_c24 cm.
_b illus., tables, diagrs. ;
490 1 _aInternational chemical series,
504 _aIncludes bibliographies and Index.
650 0 _a Analytic Chemistry,
_930867
650 0 _aOptical instruments.
_927129
830 0 _aInternational chemical series.
_9118247
942 _2ddc
_cBK
999 _c9993
_d9993